00726cam a2200193 a 4500001000400000003001000004005001700014008004100031020001800072040002500090080001700115100002900132245022600161260003800387300002000425650002300445650002700468650003700495309BR-CuiBMT20231123041730.0230929s2012 mgb 000 0 por d a9788577005567 aBR-CuiBMTcBR-CuiBMT 22007a347.961 aSouza, Luciane Moessa de10aMediação de conflitos coletivos :ba aplicação dos meios consensuais à solução de controvérsias que envolvem políticas públicas de concretização de direitos fundamentais /cLuciane Moessa de Souza. aBelo Horizonte :bFórum,c2012. a258 p. ;c22 cm aDireito processual aDireito constitucional aMediaçãoxDireito processual